| 000 | 00483nam a2200157 a 4500 | ||
|---|---|---|---|
| 001 | 000031341 | ||
| 005 | 20240307180747.0 | ||
| 008 | 110620s1950 dr 000 0 spa d | ||
| 040 |
_aDO-SdBNP _bspa _cBNPHU |
||
| 082 |
_axxxx _bP298p |
||
| 100 | 1 |
_aPatín Maceo, Manuel A., _q (Manuel Antonio) _d1892-1968 _936996 |
|
| 245 | 1 | 0 |
_aPétalos / _cManuel A. Patín Maceo. |
| 260 |
_aCiudad Trujillo, República Dominicana : _bMontalvo, _c1950. |
||
| 300 |
_a28 p. ; _c22 cm. |
||
| 049 | _aBNPD | ||
| 999 |
_c30833 _d30833 |
||